000 00772nam a2200241Ia 4500
003 OSt
005 20220923224242.0
006 a|||||r|||| 00| 0
007 ta
008 220922b |||||||| |||| 00| 0 hin d
024 _a230,073
037 _cTextual
040 _aARTS
_cARTS
_bhin
041 _2hin
_ahin
082 _a40aY, 152P5
100 _aचतुर्वेदी, एन पी
245 0 _aजनसंचार एवं पत्रकारिता
246 _aJanasanchār evan patrakāritā
260 _aजयपुर
_b पोइन्टर पब्लिशर्स
_c2005
300 _a200पृ.
_ccm.
942 _h40aY, 152P5
_cTEXL
_2CC
999 _c370217
_d370217